Redukcia daňového zaťaženia je limitujúca pre zníženie daňových únikov

Definícia pojmu daňový únik legálny a nelegálny. Prostredie vzniku daňových únikov. Názory odborníkov.

Gespeichert in:
Bibliographische Detailangaben
1. Verfasser: Burák, Emil
Format: Buchkapitel
Sprache:Slowakisch
Schlagworte:
Tags: Tag hinzufügen
Keine Tags, Fügen Sie das erste Tag hinzu!

MARC

LEADER 00000naa a2200000 4500
001 r021428
005 20230912103602.1
041 0 |a slo 
044 |a SK 
245 1 0 |a Redukcia daňového zaťaženia je limitujúca pre zníženie daňových únikov  |c Emil Burák 
520 |a Definícia pojmu daňový únik legálny a nelegálny. Prostredie vzniku daňových únikov. Názory odborníkov. 
610 2 0 |a dane 
610 2 0 |a únik daňový 
610 2 0 |a pojmy 
100 1 |a Burák, Emil